• 首页
  • 本馆介绍
  • 公告通知
  • 最新文献
  • 馆藏检索
  • 电子资源
  • 读者导购
  • 参考咨询
  • 我的图书馆
  • 登录
  • 详细信息显示
  • 放入我的书架
  • 预约/预借图书
  • 作者相关作品
  • 分类相关作品
  • 丛书相关作品
  • 出版社相关作品

书目信息

  • 表格格式
  • 工作单格式
  • 卡片格式
题名:
西欧共产党
    
 
作者: 麦金尼斯 , 尼尔·麦金尼斯 著
分册:  
出版信息: 上海   上海译文出版社  1978.12
页数: 273页
开本: 19cm
丛书名:
单 册:
中图分类: D561.8
科图分类:
主题词: 国际政治
电子资源:
ISBN:
000 00605nam0 2200217 45
001 0306171481
005 20060816175951.40
010    @dCNY0.69
091    @a3188.13
100    @a20030617d1978 km y0chiy0120 ea
101 0  @achi@ceng
105    @ak z 000yy
200 1  @a西欧共产党@AXi Ou Gong Chan Dang@f[英]尼尔·麦金尼斯著@F[Ying]Ni Er·Mai Jin Ni Si Zhu
210    @a上海@c上海译文出版社@d1978.12
215    @a273页@c表格@d19cm
606 0  @a国际政治
690    @aD561.8@v3
701  0 @a麦金尼斯@4著
701  0 @a尼尔·麦金尼斯@4著
801    @aCN@bTSTC@c20060816
905    @dD561.8@e114@f1@b4474
    
    西欧共产党/[英]尼尔·麦金尼斯著.-上海:上海译文出版社,1978.12
    273页:表格;19cm
    
    
    ISBN :CNY0.69
    
●
相关链接 在E读中查询图书 在五车中查询图书 在当当中查询图书 在豆瓣中查询图书


正题名:西欧共产党     索取号:D561.8/114         预约/预借

序号 登录号 条形码 馆藏地/架位号 状态 备注
1 0004474   001922557   密集书库/ [索取号:D561.8/114] 在馆    
2 0004475   001805675   密集书库/ [索取号:D561.8/114] 在馆    
3 0424367   204243675   密集书库/ [索取号:D561.8/114] 在馆    
4 0465167   204651670   密集书库/ [索取号:D561.8/114] 在馆    
唐山师范学院图书馆 欢迎您!
大连网信软件有限公司© 版权所有